| 000 | 00676nam a22001817a 4500 | ||
|---|---|---|---|
| 008 | 230310b |||||||| |||| 00| 0 eng d | ||
| 022 | _a1048-9711 | ||
| 040 |
_aNational Science Library _cNational Science Library |
||
| 080 |
_aD 025.43LCSH _bP0.1 |
||
| 245 |
_aLibrary of congress subject headings _c/ Prepared by the office for subject cataloging policy collections services |
||
| 250 | _a23rd ed. | ||
| 260 |
_aWashington D. C.: _bLibrary of Congress, _c2000 |
||
| 300 | _axvii, 1521p. | ||
| 500 | _aVol. 1 A-C Vol. 2 (D-H); ISSN: 1048-9711; iii, 1523-2813p. Vol. 5 (S-Z); ISSN: 1048-9711; iii, 5231-6677p. | ||
| 650 | _aLCSH | ||
| 653 | _aSymbols | ||
| 942 |
_2udc _cBK |
||
| 999 |
_c7422 _d7422 |
||